Poľnohospodárstvo v Slovenskej republike (vybrané ukazovatele v rokoch 1970-2000)

Salvato in:
Dettagli Bibliografici
Natura: Libro
Lingua:slovacco
inglese
Pubblicazione: Bratislava Štatistický úrad Slovenskej republiky 2001
Serie:Pôdohospodárstvo a životné prostredie
Soggetti:
Tags: Aggiungi Tag
Nessun Tag, puoi essere il primo ad aggiungerne!!

MARC

LEADER 00000nam a2200000 4500
001 c129590
005 20240422093029.6
041 0 |a slo 
041 0 |a eng 
044 |a SK 
245 1 0 |a Poľnohospodárstvo v Slovenskej republike (vybrané ukazovatele v rokoch 1970-2000) 
264 1 |a Bratislava  |b Štatistický úrad Slovenskej republiky  |c 2001 
300 |a 95 s. 
490 1 |a Pôdohospodárstvo a životné prostredie 
830 0 |a Pôdohospodárstvo a životné prostredie 
610 2 0 |a poľnohospodárstvo 
610 2 0 |a potravinárstvo 
610 2 0 |a plodiny poľnohospodárske 
610 2 0 |a výroba živočíšna 
610 2 0 |a dovoz 
610 2 0 |a vývoz 
610 2 0 |a Slovensko 
610 2 0 |a CEFTA 
610 2 0 |a spotreba potravín 
610 2 0 |a potraviny 
610 2 0 |a pôda poľnohospodárska 
610 2 0 |a pôdohospodárstvo